000 01069cam a2200277 a 4500
001 000011818
003 DO-SdBNP
005 20260318113320.0
008 910530s1989 cu 000 0 spa
040 _aDO-SdBNP
_bspa
_cBNPHU
049 _aBNGR
082 4 _a467.97291
_bM385a
_222
100 1 _aMartínez Gordo, Isabel.
_927982
245 1 0 _aAlgunas consideraciones sobre Patois cubain de F. Boytel Jambu /
_cIsabel Martínez Gordo ; edición, María de los A. Rodríguez.
260 _aLa Habana :
_bEditorial Academia,
_c1989.
300 _a70 p. :
_bil. ;
_c21 cm.
500 _aEnsayo patois cubain [por] Fernando Boytel Jambú": p. [45]-70.
504 _aBibliografía: p. 41-43
600 1 4 _aBoytel Jambú, Fernando,
_tPatois cubain
_927983
650 7 _a Dialectos criollos
_zCuba
_927984
_2LIBRUNAM
650 4 _aDialectos criollos francés
_zHaiti.
_927985
700 1 _aBoytel Jambu, Fernando.
_tPatois cubain.
_f1989.
_927986
700 1 _aRodríguez, María de la A.,
_eed.
_927987
910 _aValidado. Control de calidad MFF
942 _2ddc
_cLBS1
999 _c11492
_d11492